Normal view
MARC view
Entry Personal Name
001 - CONTROL NUMBER
- control field: 7756
003 - CONTROL NUMBER IDENTIFIER
- control field: OSt
005 - DATE AND TIME OF LATEST TRANSACTION
- control field: 20211028144230.0
008 - FIXED-LENGTH DATA ELEMENTS
- fixed length control field: 211028|| aca||aabn | a|a d
040 ## - CATALOGING SOURCE
- Original cataloging agency: OSt
- Transcribing agency: OSt
100 ## - HEADING--PERSONAL NAME
- Personal name: Sam, Vincent Emanuel; Wright, Rowena.
- Miscellaneous information: 1416160
670 ## - SOURCE DATA FOUND
- Source citation: Work cat.: (OSt): Sam, Vincent Emanuel; Wright, Rowena. 1416160, Customer perception towards the attribute of BT cloud product with special reference at British telecom (ltd)., 2017